Satellite communications systems : (Record no. 656)

MARC details
000 -LEADER
fixed length control field 02309cam a22003378i 4500
001 - CONTROL NUMBER
control field 21226848
003 - CONTROL NUMBER IDENTIFIER
control field OSt
005 - DATE AND TIME OF LATEST TRANSACTION
control field 20250420134820.0
008 - FIXED-LENGTH DATA ELEMENTS--GENERAL INFORMATION
fixed length control field 191003s2020 nju b 001 0 eng
010 ## - LIBRARY OF CONGRESS CONTROL NUMBER
LC control number 2019044958
020 ## - INTERNATIONAL STANDARD BOOK NUMBER
International Standard Book Number 9781119382089
Qualifying information (hardback)
040 ## - CATALOGING SOURCE
Original cataloging agency DLC
Language of cataloging eng
Transcribing agency DLC
041 1# - LANGUAGE CODE
Language code of text/sound track or separate title eng
Language code of original fre
042 ## - AUTHENTICATION CODE
Authentication code pcc
050 00 - LIBRARY OF CONGRESS CALL NUMBER
Classification number TK5104
Item number .M3513 2020
082 00 - DEWEY DECIMAL CLASSIFICATION NUMBER
Classification number 621.3825
Edition information 23
Item number Ma Sa
100 1# - MAIN ENTRY--PERSONAL NAME
Personal name Maral, Gérard,
Relator term author.
9 (RLIN) 5220
240 ## - UNIFORM TITLE
Uniform title Systèmes de télecommunications par satellites.
Language of a work French
245 10 - TITLE STATEMENT
Title Satellite communications systems :
Remainder of title systems, techniques and technology /
Statement of responsibility, etc. Gérard Maral, Michel Bousquet, Zhili Sun
250 ## - EDITION STATEMENT
Edition statement Sixth edition.
260 ## - PUBLICATION, DISTRIBUTION, ETC.
Place of publication, distribution, etc. Hoboken, N.J. :
Name of publisher, distributor, etc. John Wiley & Sons,
Date of publication, distribution, etc. 2020.
300 ## - PHYSICAL DESCRIPTION
Extent pages cm
500 ## - GENERAL NOTE
General note Translation of: Systèmes de télecommunications par satellites.
504 ## - BIBLIOGRAPHY, ETC. NOTE
Bibliography, etc. note Includes bibliographical references and index.
520 ## - SUMMARY, ETC.
Summary, etc. "The revised and updated sixth edition of Satellite Communications Systems contains information on the most recent advances related to satellite communications systems, technologies, network architectures and new requirements of services and applications. The authors -- noted experts on the topic -- cover the state-of-the-art satellite communication systems and technologies and examine the relevant topics concerning communication and network technologies, concepts, techniques and algorithms. New to this edition is information on internet working with the broadband satellite systems, more intensive coverage of Ka band technologies, GEO high throughput satellite (HTS), LEO constellations and the potential to support the current new broadband Internet services as well as future developments for global information infrastructure. The authors offer details on digital communication systems and broadband networks in order to provide high-level researchers and professional engineers an authoritative reference. The companion website provides slides for instructors to teach and for students to learn. In addition, the book is designed in a user-friendly format"--
Assigning source Provided by publisher.
650 #0 - SUBJECT ADDED ENTRY--TOPICAL TERM
Topical term or geographic name entry element Artificial satellites in telecommunication.
9 (RLIN) 5221
700 1# - ADDED ENTRY--PERSONAL NAME
Personal name Bousquet, Michel,
Relator term author.
9 (RLIN) 5222
700 1# - ADDED ENTRY--PERSONAL NAME
Personal name Sun, Zhili,
Relator term author.
9 (RLIN) 5223
942 ## - ADDED ENTRY ELEMENTS (KOHA)
Koha item type Book
942 ## - ADDED ENTRY ELEMENTS (KOHA)
Source of classification or shelving scheme Dewey Decimal Classification
Holdings
Withdrawn status Lost status Source of classification or shelving scheme Damaged status Not for loan Home library Current library Date acquired Cost, normal purchase price Total checkouts Total renewals Full call number Barcode Date last seen Date last checked out Price effective from Koha item type
    Dewey Decimal Classification     KCST Library KCST Library 23/05/2021 116.92 3 2 621.3825 Ma Sa 1000000755 06/11/2025 12/10/2025 23/05/2021 Book
© 2025 KCST. All rights reserved